📖 150 premiers mots "Anna Karénine" Léon Tolstoï - Statistiques

Statistiques générales
  • Ce quiz a Ă©tĂ© pris 61 fois
  • Le rĂ©sultat moyen est 66 sur 150
Statistiques - réponses
Mots % Correct
l'
96%
Ă 
93%
le
93%
Le
93%
s'
93%
la
91%
La
91%
d'
89%
de
83%
Oblonski.
83%
Les
80%
les
80%
n'
80%
se
80%
en
76%
qu'
72%
son
70%
un
70%
que
67%
une
67%
Tout
65%
femme
63%
famille
61%
leur
61%
autre
59%
toute
59%
était
57%
ne
57%
qui
57%
sens
57%
toutes ;
57%
dans
54%
du
54%
avec
52%
maison
50%
pas
48%
ses
48%
avait
46%
sont
46%
familles
43%
ressemblent
43%
enfants,
41%
enfants
41%
leurs
41%
dessus
39%
heureuses
39%
malheureuses
39%
plus
39%
aux
37%
chacune
37%
dessous
37%
mĂŞme
37%
façon.
35%
mari
35%
autres
33%
ĂŞtre ;
33%
lui.
33%
Tous,
33%
tous
33%
cette
30%
sous
30%
jours,
26%
vie
26%
chambre
20%
chambre ;
20%
mĂŞmes
20%
raison
20%
membres
17%
vivre
17%
eux-
15%
princesse
15%
tant
15%
toit
15%
liaison
13%
trois
13%
depuis
11%
entretenait
11%
journée,
11%
jusqu'
11%
époux
9%
française
9%
institutrice
9%
appartements,
7%
après
7%
commun
7%
ancienne
4%
auberge.
4%
couraient
4%
quittait
4%
rentrait
4%
abandonnés
2%
comprenaient
2%
domestiques,
2%
étrangers
2%
habitants
2%
horreur
2%
hĂ´tes
2%
net
2%
prise
2%
refusée
2%
sentaient
2%
situation,
2%
tragique
2%
apparaissait
0%
bec...
0%
dorénavant
0%
fortuits
0%
logis.
0%
Prévenue
0%
prolongeait
0%
tantĂ´t
0%
Aucun quiz correspondant
Distribution des résultats
% des personnes avec chaque résultat
Percentile par nombre de réponses
Votre historique - résultats
Vous n’avez pas pris ce quiz